| 000 | 00567nam a2200145Ia 4500 | ||
|---|---|---|---|
| 008 | 170221s9999 xx 000 0 und d | ||
| 100 | _aShakir Hafeez | ||
| 245 | _aInfluence of Benefits Realization Management on Business Strategies and Project Success in Pakistan’s Construction Projects | ||
| 245 | _cShakir Hafeez, Shahid Hussain, Yasir Javed, Bilal Bin Saeed | ||
| 260 | _bInternational Review of Management and Marketing | ||
| 260 | _c2012 | ||
| 300 | _a1 : 2 | ||
| 650 | _xMarketing. | ||
| 856 | _uhttp://www.econjournals.com/index.php/irmm/issue/view/22 | ||
| 999 |
_c314002 _d314002 |
||